| 000 | 00775cam a22002295a 4500 | ||
|---|---|---|---|
| 001 | 24756 | ||
| 003 | OSt | ||
| 005 | 20240823110211.0 | ||
| 008 | 890125s1969 le a 000 0 ara | ||
| 010 | _a 88962606 | ||
| 020 | _a9789933100247 | ||
| 040 |
_aDLC _cDLC _dDLC |
||
| 082 |
_a909.0974927223 _bBEN/S |
||
| 100 | 1 |
_aBennabi, Malek _99750 |
|
| 245 | 1 | 0 |
_aShurūṭ al-nahḍah / _cMālik Bin Nabī ; tarjamat ʻUmar Kāmil Masqāwī, ʻAbd al-Ṣabūr Shāhīn. |
| 250 | _aal-Ṭabʻah 3. | ||
| 260 |
_aBeirūt : _bDār al-Fikr, _c1969. |
||
| 300 |
_a239 p. : _bill. ; _c20 cm. |
||
| 440 | 0 | _aMushkilāt al-ḥaḍārah | |
| 906 |
_a7 _bibc _corignew _d4 _encip _f19 _gy-gencatlg |
||
| 942 |
_2ddc _cBK _h909.0974927223 _iBEN/S _k909.0974927223 _mBEN/S |
||
| 999 |
_c42685 _d42685 |
||